Long-term infrastructure investment: a new approach to the economics of location
Súčasný moderný vývoj regiónu je spojený s nejakou koncepciou ekonomických a technologických znalostí. Investície do infraštruktúry a nové prístupy v ekonomike miest. Ekonomické a regionálne dopady vývoja regiónov.
Salvato in:
| Autore principale: | |
|---|---|
| Altri autori: | |
| Natura: | Capitolo di libro |
| Lingua: | inglese |
| Soggetti: | |
| Tags: |
Nessun Tag, puoi essere il primo ad aggiungerne!!
|
MARC
| LEADER | 00000naa a2200000 4500 | ||
|---|---|---|---|
| 001 | 0223775 | ||
| 005 | 20220719115146.4 | ||
| 041 | 0 | |a eng | |
| 044 | |a CZ | ||
| 245 | 1 | 0 | |a Long-term infrastructure investment: a new approach to the economics of location |c Václav Beran, Petr Dlask |
| 520 | |a Súčasný moderný vývoj regiónu je spojený s nejakou koncepciou ekonomických a technologických znalostí. Investície do infraštruktúry a nové prístupy v ekonomike miest. Ekonomické a regionálne dopady vývoja regiónov. | ||
| 610 | 2 | 0 | |a rozvoj regionálny |
| 610 | 2 | 0 | |a alokácia faktorov výrobných |
| 610 | 2 | 0 | |a infraštruktúra |
| 610 | 2 | 0 | |a plánovanie regionálne |
| 610 | 2 | 0 | |a rozmiestenie investícií |
| 610 | 2 | 0 | |a vývoj regionálny |
| 100 | 1 | |a Beran, Václav | |
| 700 | 1 | |a Dlask, Petr | |